000 00494nam a22001697a 4500
003 OSt
005 20250425140232.0
008 250425b |||||||| |||| 00| 0 eng d
040 _cWashington
050 _aK4431
_b.Z9G64 1979
100 _aGold, Joseph
_eAuthor
245 _aLegal and Institutional Aspects of the International Monetary System :
_bSelectd Essay
260 _aWashington :
_bIMF,
_cc1979
300 _axx, 633pp
500 _aIncludes subject index, Table
942 _2lcc
_cBK
_n0
999 _c5550
_d5550